Guía de prácticas de modulación digital con el generador de señales de RF Agilent E4433B ESG-D
Збережено в:
| Автор: | |
|---|---|
| Формат: | Книга |
| Опубліковано: |
[San José, Costa Rica]
2003
|
| Предмети: | |
| Теги: |
Додати тег
Немає тегів, Будьте першим, хто поставить тег для цього запису!
|
MARC
| LEADER | 00000nam a2200000Ia 4500 | ||
|---|---|---|---|
| 003 | 009193 | ||
| 005 | 20221231144146.0 | ||
| 008 | 140114s2003 cr a m 000 ||s d | ||
| 040 | |c cru CEDI | ||
| 090 | |a TFG 4733 | ||
| 100 | |a González Mora, Jaime Francisco |9 1065 | ||
| 245 | |a Guía de prácticas de modulación digital con el generador de señales de RF Agilent E4433B ESG-D | ||
| 260 | |c 2003 |a [San José, Costa Rica] | ||
| 300 | |a xii, 100 hojas : ilustraciones | ||
| 500 | |a Proyecto de graduación (bachiller en ingeniería eléctrica)--Universidad de Costa Rica. Facultad de Ingeniería. Escuela de Ingeniería Eléctrica | ||
| 650 | |x ELECTRONICA DIGITAL |x MODULACION DE IMPULSOS POR CODIGO |x SISTEMAS DE TRANSMISION DE DATOS |9 6923 | ||
| 942 | |c TFG | ||
| 999 | |c 17748 |d 17748 | ||
